Mluvnice jazyka ruského /

Hlavní autor: Váňa, Jan, 1847-1915
Jazyk: Čeština
Vydáno: V Praze : [s.n.], 1900
Vydání: 3. vyd.
Fyzický popis: 1 sv.
Knihy
Uloženo v:
LEADER 00579nam a2200205 a 4500
001 000646145
003 CZ BrMZK
005 20030624084041.0
007 ta
008 030115s1900 xr f cze d
040 |a BOA001  |b cze  |c BOA001 
100 1 |a Váňa, Jan,  |d 1847-1915  |7 jk01141371  |4 aut 
245 1 0 |a Mluvnice jazyka ruského /  |c Jan Váňa 
250 |a 3. vyd. 
260 |a V Praze :  |b [s.n.],  |c 1900 
300 |a 1 sv. 
910 |a BOA001  |b 2-0023.831 
990 |a BK 
993 |a Y 
996 6 |b BC-71393  |c 2-0023.831  |l MZK  |r Sklad / do 24 hodin  |n 0  |w 000646145  |u 000010  |a 1  |e BOA001  |j MZK50  |s P